[Event "HCL-C105"]
[Site "www.playchess.de"]
[Date "2001.02.12"]
[Round "9"]
[White "Optimo"]
[Black "naj_obi"]
[WhiteElo "1200"]
[BlackElo "1000"]
[PlyCount "48"]
[Result "1/2-1/2"]

1.e4 Nf6 2.Nc3 d5 3.e5 Nfd7 4.Nf3 e6 5.d4 c5 6.Bb5 
Nc6 7.Bxc6 bxc6 8.Bg5 Qb6 9.b3 cxd4 10.Na4 Qa5+ 
11.Bd2 Qc7 12.Bf4 Bb4+ 13.Bd2 Bxd2+ 14.Qxd2 Nxe5 
15.Nxd4 a6 16.Qg5 O-O 17.Nf3 f6 18.Qe3 Nxf3+ 
19.Qxf3 Qe5+ 20.Kd2 Qd4+ 21.Ke2 e5 22.h3 e4 23.Qe3 
Qe5 24.Rad1 Qh5+ 1/2-1/2

[Event "HCL-C105"]
[Site "www.playchess.de"]
[Date "2001.02.12"]
[Round "10"]
[White "Tarahumara"]
[Black "Optimo"]
[WhiteElo "993"]
[BlackElo "1200"]
[PlyCount "64"]
[Result "0-1"]

1.e4 c5 2.Bc4 e5 3.Qf3 Nf6 4.d3 Nc6 5.Bg5 Nd4 
6.Qd1 Be7 7.c3 Nc6 8.Qb3 O-O 9.h4 Na5 10.Qd1 Nxc4 
11.dxc4 Nxe4 12.Qg4 Nxg5 13.hxg5 Bxg5 14.Nf3 d6 
15.Qxg5 Qxg5 16.Nxg5 h6 17.Ne4 Rd8 18.Na3 b6 
19.O-O-O Bb7 20.Nxd6 Bxg2 21.Rhg1 Bf3 22.Rd2 Rd7 
23.Nf5 Rxd2 24.Kxd2 g5 25.Nxh6+ Kg7 26.Nf5+ Kf6 
27.Nd6 Rd8 28.Ke3 g4 29.Ne4+ Kf5 30.Ng3+ Kg6 
31.Ne4 f5 32.Nd2 f4+ 0-1

[Event "HCL-C105"]
[Site "www.playchess.de"]
[Date "2001.02.12"]
[Round "12"]
[White "Platon"]
[Black "Danne"]
[WhiteElo "1184"]
[BlackElo "1141"]
[PlyCount "79"]
[Result "1-0"]

1.e3 e5 2.Qh5 d6 3.Bb5+ Bd7 4.a4 Nf6 5.Qf3 e4 
6.Qe2 a6 7.Bxd7+ Nbxd7 8.Nc3 d5 9.d4 h6 10.f3 Bb4 
11.Bd2 Bxc3 12.bxc3 O-O 13.Rb1 b6 14.c4 a5 15.Rb5 
c6 16.Rb1 Qe7 17.Nh3 Qe6 18.Qf2 dxc4 19.Qg3 exf3 
20.Qxf3 Qe4 21.Qxe4 Nxe4 22.Nf2 Nxd2 23.Kxd2 Rfd8 
24.Ne4 f5 25.Nd6 c5 26.Nxc4 Rab8 27.Rhf1 Rdf8 
28.h3 g6 29.c3 Kg7 30.d5 Kf6 31.g4 Rfd8 32.gxf5 
gxf5 33.e4 Kg6 34.Rxf5 Rdg8 35.Rg1+ Kh7 36.Rf7+ 
Kh8 37.Rxg8+ Rxg8 38.Rxd7 Rg3 39.Re7 Rxh3 
40.d6 1-0

[Event "HCL-C105"]
[Site "www.playchess.de"]
[Date "2001.02.12"]
[Round "13"]
[White "naj_obi"]
[Black "Platon"]
[WhiteElo "1000"]
[BlackElo "1184"]
[PlyCount "45"]
[Result "1-0"]

1.Nf3 e6 2.d4 Bb4+ 3.c3 Bd6 4.e4 Be7 5.Bd3 d5 
6.Nbd2 c6 7.O-O f5 8.exf5 exf5 9.Re1 b6 10.Qe2 c5 
11.Qe5 Nf6 12.Bxf5 Nbd7 13.Qe2 Nh5 14.Ng5 Ndf6 
15.Bxc8 Rxc8 16.Ndf3 Nf4 17.Bxf4 O-O 18.Qe6+ Kh8 
19.Qxe7 Qc7 20.Bxc7 Rfe8 21.Qd6 h6 22.Nf7+ Kh7 
23.Qf4 1-0

[Event "HCL-C105"]
[Site "www.playchess.de"]
[Date "2001.02.12"]
[Round "14"]
[White "Platon"]
[Black "Tarahumara"]
[WhiteElo "1184"]
[BlackElo "993"]
[PlyCount "34"]
[Result "0-1"]

1.e3 e5 2.Qh5 b6 3.Qxe5+ Be7 4.Qxg7 Bf6 5.Qg4 d6 
6.Qe4+ Qe7 7.Qxa8 Nh6 8.Qxb8 O-O 9.Qxa7 Bh4 10.Nf3 
Ng4 11.Nxh4 Qxh4 12.g3 Qf6 13.Rg1 Qxf2+ 14.Kd1 
Qxg1 15.c3 Nf2+ 16.Kc2 Qxf1 17.Qxc7 
Qd1+ 0-1

[Event "HCL-C105"]
[Site "www.playchess.de"]
[Date "2001.02.12"]
[Round "15"]
[White "Optimo"]
[Black "Platon"]
[WhiteElo "1200"]
[BlackElo "1184"]
[PlyCount "37"]
[Result "1-0"]

1.e4 Nf6 2.Nc3 Nc6 3.d4 d5 4.e5 Ng8 5.Bb5 e6 6.Nf3 
Bb4 7.Bxc6+ bxc6 8.Bd2 c5 9.Ne2 Ba6 10.a3 Bxd2+ 
11.Qxd2 Bxe2 12.Qxe2 c4 13.c3 Ne7 14.Ng5 f6 
15.Nxe6 Qd7 16.Nxg7+ Kf8 17.exf6 Nf5 18.Nxf5 Qxf5 
19.Qe7+ 1-0

[Event "HCL-A033"]
[Site "www.playchess.de"]
[Date "2001.02.13"]
[Round "18"]
[White "Machiavelli_________"]
[Black "teenspirit"]
[WhiteElo "1800"]
[BlackElo "1809"]
[PlyCount "109"]
[Result "1-0"]

1.d4 Nf6 2.c4 g6 3.Nc3 Bg7 4.e4 d6 5.Nf3 O-O 6.Be2 
Nc6 7.d5 Ne5 8.Nxe5 dxe5 9.O-O e6 10.Bg5 h6 11.Be3 
exd5 12.cxd5 Ne8 13.f4 Nd6 14.fxe5 Bxe5 15.Bd4 Qe7 
16.Rc1 Re8 17.Bxe5 Qxe5 18.Bf3 Bd7 19.Re1 c5 20.b3 
Rac8 21.Qd2 Kg7 22.Nd1 f5 23.Nf2 f4 24.Qc3 Nf7 
25.Nd3 Qxc3 26.Rxc3 b6 27.Nxf4 Ne5 28.Nd3 Nxd3 
29.Rxd3 Kf6 30.Kf2 h5 31.Ke3 Ke5 32.Rc3 h4 33.h3 
g5 34.a3 a5 35.a4 Ref8 36.Rcc1 Rf6 37.Ref1 Rcf8 
38.Be2 R6xf1 39.Rxf1 Rxf1 40.Bxf1 Be8 41.Bd3 Bg6 
42.Kd2 Be8 43.Bb5 Bg6 44.Ke3 Kd6 45.Be2 Ke5 46.Bf3 
Kd6 47.Kd3 Be8 48.Bg4 b5 49.axb5 Bxb5+ 50.Kd2 Bf1 
51.Bf3 Ke5 52.Kc3 Bb5 53.Kd2 Kd4 54.Be2 Bd7 
55.Bg4 1-0

[Event "HCL-A040"]
[Site "www.playchess.de"]
[Date "2001.02.13"]
[Round "5"]
[White "vrad"]
[Black "mrchess"]
[WhiteElo "1700"]
[BlackElo "1517"]
[PlyCount "67"]
[Result "1-0"]

1.e4 d6 2.d4 Nf6 3.Nc3 Nbd7 4.f4 e5 5.dxe5 dxe5 
6.fxe5 Nxe5 7.Qxd8+ Kxd8 8.Bg5 Be6 9.O-O-O+ Kc8 
10.Nf3 Nxf3 11.gxf3 Nd7 12.Nb5 Bc5 13.Bf4 Bb6 
14.Rd3 f6 15.Bxc7 Bxc7 16.Rc3 Bf7 17.Nxc7 Kb8 
18.Nxa8 Kxa8 19.Rc7 Be6 20.f4 g6 21.Bb5 Nb6 22.Re7 
Bc8 23.Rd1 Bg4 24.Rd4 h5 25.Re8+ Rxe8 26.Bxe8 g5 
27.fxg5 fxg5 28.Rd8+ Nc8 29.Bxh5 Be6 30.Bf7 Bg4 
31.e5 Kb8 32.e6 Kc7 33.Rxc8+ Kxc8 
34.e7 1-0

[Event "HCL-A043"]
[Site "www.playchess.de"]
[Date "2001.02.13"]
[Round "2"]
[White "Lacey"]
[Black "Chris"]
[WhiteElo "1779"]
[BlackElo "2044"]
[PlyCount "38"]
[Result "0-1"]

1.d4 Nf6 2.Bf4 d5 3.e3 e6 4.Nf3 c5 5.Bb5+ Bd7 
6.Nc3 Bxb5 7.Nxb5 Qa5+ 8.Nc3 Nc6 9.O-O Be7 10.a3 
c4 11.Re1 O-O 12.Ne5 Nxe5 13.Bxe5 b5 14.e4 dxe4 
15.Nxe4 Qd8 16.Nc3 a6 17.Qf3 Ra7 18.Qg3 Ne8 19.b3 
cxb3 0-1

[Event "HCL-A055"]
[Site "www.playchess.de"]
[Date "2001.02.13"]
[Round "8"]
[White "hominoid"]
[Black "P1902"]
[WhiteElo "1600"]
[BlackElo "1898"]
[PlyCount "41"]
[Result "1/2-1/2"]

1.d4 d5 2.c4 e6 3.Nc3 Nf6 4.Nf3 Nbd7 5.cxd5 exd5 
6.e3 Be7 7.Bd3 O-O 8.O-O Re8 9.Bd2 c6 10.Qc2 Bd6 
11.Rfe1 Nf8 12.h3 Ng6 13.e4 dxe4 14.Nxe4 Nxe4 
15.Rxe4 Rxe4 16.Bxe4 Bd7 17.Re1 Qb6 18.Ne5 Be8 
19.Bc3 Rd8 20.Kh1 Qc7 21.Nxg6 1/2-1/2

[Event "HCL-A056"]
[Site "www.playchess.de"]
[Date "2001.02.13"]
[Round "10"]
[White "Henk"]
[Black "ming"]
[WhiteElo "1700"]
[BlackElo "1398"]
[PlyCount "69"]
[Result "1/2-1/2"]

1.e4 c5 2.Nc3 Nc6 3.g3 e5 4.d3 Nf6 5.Bg2 d6 6.f4 
Be7 7.Nf3 O-O 8.O-O Bd7 9.Nd5 Bg4 10.Nxe7+ Qxe7 
{hi! good to be back}  11.c3 d5 12.exd5 Nxd5 
13.Qb3 Nxf4 14.gxf4 Rad8 15.Qc4 Be6 16.Qe4 Bd5 
17.Qe2 f6 18.fxe5 fxe5 19.d4 cxd4 20.cxd4 e4 
21.Bg5 Qb4 22.a3 exf3 23.axb4 fxe2 24.Rxf8+ Kxf8 
25.Bxd8 Bxg2 26.Kxg2 Nxd8 27.d5 Ke7 28.Re1 Nf7 
29.Rxe2+ Kd7 30.h4 Nd6 31.Kg3 Nf5+ 32.Kg4 g6 33.h5 
Kd6 34.hxg6 hxg6 35.Kg5 1/2-1/2

[Event "HCL-A058"]
[Site "www.playchess.de"]
[Date "2001.02.13"]
[Round "20"]
[White "Flash_Force"]
[Black "mariuszk"]
[WhiteElo "1507"]
[BlackElo "2049"]
[PlyCount "67"]
[Result "1-0"]

1.e4 Nf6 2.e5 Nd5 3.c4 Nb6 4.d4 d6 5.f4 dxe5 
6.fxe5 c5 7.d5 g6 8.Nc3 Bg7 9.Bf4 O-O 10.Nf3 
{Hello again}  e6 11.d6 {Hello again}  Nc6 {hello} 
 12.Qd2 Nd7 13.Qe3 Qa5 14.Bh6 Bxh6 15.Qxh6 f6 
16.exf6 Nxf6 17.Bd3 {I have got a bad cold. Please 
be merciful. LOL}  Nd4 18.Bxg6 hxg6 19.Qxg6+ 
{Dzien dobre}  Kh8 20.Ng5 Nf5 21.O-O Bd7 22.Rf4 
Be8 23.Rh4+ {R should have gone to f3. It seems I 
get away with this mistake.}  Nxh4 {very sorry, I 
made mistake on 14 move}  24.Qh6+ {It seems I like 
to lose pieces! LOL}  Kg8 25.Nxe6 Rf7 26.Rf1 Bd7 
27.Qg5+ Kh8 28.Qxh4+ Kg8 29.Qg5+ {I can usually 
spot dangerous sacrifices. Favourite player is 
Tal}  Kh8 30.Rxf6 Bxe6 31.Rh6+ Rh7 32.Qf6+ Kg8 
33.Rg6+ Rg7 34.Qxg7+ 1-0

[Event "HCL-A061"]
[Site "www.playchess.de"]
[Date "2001.02.13"]
[Round "12"]
[White "gelus"]
[Black "Brrrr"]
[WhiteElo "1700"]
[BlackElo "1796"]
[PlyCount "63"]
[Result "1-0"]

1.d4 Nf6 2.c4 g6 3.Nc3 Bg7 4.Nf3 O-O 5.Bf4 c5 6.e3 
cxd4 7.exd4 d5 8.Qb3 dxc4 9.Bxc4 Nc6 10.Ne5 e6 
{Good move!}  11.Nxc6 bxc6 12.Be5 Nd5 13.O-O f6 
14.Bg3 Nb6 15.Bxe6+ Bxe6 {Looks like I fell 
asleep. :-(}  16.Qxe6+ Kh8 17.Qxc6 Qxd4 18.Rad1 {a 
mistake important :-))}  Qc4 19.Qxc4 Nxc4 20.b3 
Nb6 21.Nb5 f5 22.f3 Rac8 23.Bf2 a6 24.Na7 Rcb8 
25.Nc6 Rb7 26.Nd8 Rb8 27.Ne6 Rfe8 28.Nxg7 Kxg7 
29.Rd6 Nc8 30.Rxa6 Kf7 31.Rd1 Rb5 
32.Rd7+ 1-0

[Event "HCL-B075"]
[Site "www.playchess.de"]
[Date "2001.02.13"]
[Round "8"]
[White "Momostephen"]
[Black "trolo"]
[WhiteElo "1200"]
[BlackElo "1818"]
[PlyCount "55"]
[Result "1-0"]

1.g3 d5 2.d4 e6 3.e3 c5 4.c3 Nc6 5.Bg2 Nf6 6.Nf3 
Qc7 7.Nbd2 c4 8.a4 a5 9.b3 cxb3 10.Qxb3 Rb8 11.Ba3 
Bd6 12.Bxd6 Qxd6 13.Qb6 O-O 14.O-O Qd8 15.Qb5 Bd7 
16.Qc5 Qc7 17.Ne5 b6 18.Qa3 Nxe5 19.dxe5 Qxe5 
20.Nf3 Qc7 21.Rac1 Rfc8 22.Qe7 Bxa4 23.Qa3 Bb5 
24.Rfd1 Ne4 25.Qb2 Ba6 26.Nd4 Nxc3 27.Rc2 Nxd1 
28.Rxc7 1-0

[Event "HCL-B087"]
[Site "www.playchess.de"]
[Date "2001.02.13"]
[Round "32"]
[White "Romulus73"]
[Black "ddddale"]
[WhiteElo "1500"]
[BlackElo "1500"]
[PlyCount "51"]
[Result "1-0"]

1.e4 d5 2.exd5 Nf6 3.d4 Bg4 4.f3 Bf5 5.Bb5+ Nbd7 
6.c4 a6 7.Bxd7+ Qxd7 8.Ne2 e6 9.dxe6 Qxe6 10.b3 
O-O-O 11.O-O Bc5 12.Kh1 Bxd4 13.Nxd4 Qd7 14.Bb2 c5 
15.Nc3 Qxd4 16.Na4 Qf4 17.Qe1 Nd7 18.Qe7 Rhe8 
19.Qxf7 Ref8 20.Qd5 Qc7 21.Rae1 Nb6 22.Qxc5 Qxc5 
23.Nxc5 Nd7 24.Ne6 Bxe6 {Welcome back!!!!!!}  
25.Rxe6 Nc5 26.Re7 {Sorry about the delay, but the 
site has been down for a while and I havent 
checked it so frequently.}  1-0

[Event "HCL-B103"]
[Site "www.playchess.de"]
[Date "2001.02.13"]
[Round "6"]
[White "Joe"]
[Black "johnk"]
[WhiteElo "1200"]
[BlackElo "1500"]
[PlyCount "42"]
[Result "0-1"]

1.d4 d5 2.c4 c6 3.Nc3 Nf6 4.g3 Bg4 5.Bg2 dxc4 
6.Be3 Nbd7 7.Nf3 e6 8.a3 Be7 9.O-O O-O 10.Qc2 Rc8 
11.Ne4 b5 12.Nfg5 Bf5 13.h4 h6 14.Nh3 Nd5 15.Qd2 
N7f6 16.Nxf6+ Nxf6 17.Nf4 Bd6 18.Bf3 e5 19.Nh5 
exd4 20.Bxd4 Nxh5 21.Bxh5 Bc5 0-1

[Event "HCL-B115"]
[Site "www.playchess.de"]
[Date "2001.02.13"]
[Round "3"]
[White "FrancoMatt"]
[Black "Sturk"]
[WhiteElo "1500"]
[BlackElo "1632"]
[PlyCount "50"]
[Result "0-1"]

1.Nc3 Nf6 2.e4 e5 3.Nf3 Nc6 4.d4 exd4 5.Nxd4 Bb4 
6.f3 O-O 7.Nxc6 bxc6 8.Qd4 Ba5 9.Bd3 Re8 10.e5 d6 
11.O-O Bb6 12.Qxb6 cxb6 13.exf6 Qxf6 14.Ne4 Qd4+ 
15.Kh1 Bf5 16.Ng5 Bxd3 17.cxd3 Qxd3 18.Bf4 d5 
19.Rac1 Re2 20.Rxc6 Rc2 21.Rg1 Rxc6 22.Re1 h6 
23.Nh3 Rac8 24.Nf2 Qe2 25.Rg1 {Good Game, Buen 
Juego...}  Qxf2 {Yes, thanks}  0-1

[Event "HCL-B118"]
[Site "www.playchess.de"]
[Date "2001.02.13"]
[Round "4"]
[White "sarek"]
[Black "paule"]
[WhiteElo "916"]
[BlackElo "1815"]
[PlyCount "78"]
[Result "0-1"]

1.e4 e6 2.d4 d5 3.Nc3 Bb4 4.e5 c5 5.a3 Ba5 6.b4 
cxd4 7.Qg4 Ne7 8.bxa5 dxc3 9.Qxg7 Rg8 10.Qxh7 Nbc6 
11.Nf3 Qc7 12.Bf4 Bd7 13.Bd3 O-O-O 14.Bg3 Qxa5 
15.O-O Rdf8 16.Rfe1 Rgh8 17.Qg7 Nf5 18.Bxf5 exf5 
19.Qf6 Be6 20.Qg5 Rfg8 21.Qf4 Rg4 22.Qc1 Qa4 
23.Rd1 f4 24.h3 fxg3 25.hxg4 gxf2+ 26.Kxf2 Qxg4 
27.Qg5 Qa4 28.Qc1 Rg8 29.Rd3 Qg4 30.Qh1 d4 31.Rad1 
Bf5 32.R3xd4 Qg3+ 33.Kf1 Bxc2 34.R4d3 Kb8 35.Qh2 
Qxh2 36.Nxh2 Bxd3+ 37.Rxd3 c2 38.Rc3 Nd4 39.Nf3 
Rc8 0-1

[Event "HCL-B118"]
[Site "www.playchess.de"]
[Date "2001.02.13"]
[Round "16"]
[White "Keen"]
[Black "sarek"]
[WhiteElo "1400"]
[BlackElo "916"]
[PlyCount "55"]
[Result "1-0"]

1.e4 e6 2.d4 d5 3.Nc3 Bb4 4.e5 c5 5.a3 Ba5 6.b4 
cxd4 7.Qg4 Ne7 8.bxa5 dxc3 9.Qxg7 Rg8 10.Qxh7 Nbc6 
11.f4 Qxa5 12.Nf3 Bd7 13.Rb1 O-O-O 14.Qd3 Nf5 
15.Rb3 d4 16.Ng5 Be8 17.g4 Nh4 18.h3 Ne7 19.Qh7 
Nhg6 20.Nxf7 Bxf7 21.Qxf7 Rdf8 22.Qxe6+ Kb8 23.Bg2 
b6 24.Qd7 Qa6 25.Qd6+ Kc8 26.Qxd4 Nxf4 27.Rxc3+ 
Kb8 28.Qd6+ 1-0

[Event "HCL-B120"]
[Site "www.playchess.de"]
[Date "2001.02.13"]
[Round "7"]
[White "iq160"]
[Black "Japie"]
[WhiteElo "1200"]
[BlackElo "1210"]
[PlyCount "61"]
[Result "1-0"]

1.e4 e5 2.Nf3 Nc6 3.d4 exd4 4.Nxd4 Nxd4 5.Qxd4 Nf6 
6.e5 c5 7.Qd1 Ne4 8.Bc4 d6 9.Bxf7+ Kxf7 10.Qd5+ 
Be6 11.Qxe4 dxe5 12.Qxb7+ Be7 13.Qf3+ Bf6 14.Nc3 
Rf8 15.Bg5 Kg8 16.Rd1 Qb8 17.Bxf6 Rxf6 18.Qe4 a5 
19.Nd5 Bxd5 20.Qxd5+ Rf7 21.O-O Kh8 22.Qxf7 Qxb2 
23.Rdb1 Qxc2 24.Rfc1 Qe4 25.Rb7 Rg8 26.h3 Qf4 
27.Rxc5 Qxf7 28.Rxf7 h6 29.Rxa5 Re8 30.Raa7 Rg8 
{Thanks for the game, you played well.}  31.a4 
{with the exception of 9.Bxf7?? (9.Qd5!) that 
deferred the game. I think after Rxg7-RxR RxR 
KxRa5!1:0}  1-0

[Event "HCL-B132"]
[Site "www.playchess.de"]
[Date "2001.02.13"]
[Round "3"]
[White "fadda"]
[Black "Franky"]
[WhiteElo "1558"]
[BlackElo "1200"]
[PlyCount "50"]
[Result "0-1"]

1.e4 c5 2.Nc3 Nc6 3.Bc4 e6 4.Nf3 Nge7 5.a3 Nd4 
6.e5 Nec6 7.Ne4 Nxf3+ 8.Qxf3 Nxe5 9.Qc3 Nxc4 
10.Qxc4 d5 11.Qb5+ Qd7 12.Qxd7+ Bxd7 13.Ng3 h5 
14.h4 b5 15.d3 g6 16.Bg5 Bg7 17.O-O-O Bc6 18.f3 f6 
19.Bd2 a5 20.Rhe1 Kd7 21.b3 a4 22.Kb2 axb3 23.cxb3 
f5+ 24.Ka2 Rxa3+ 25.Kxa3 {i give up}  Ra8+ {I 
think black win, Thanks for the game} 
 0-1

[Event "HCL-B133"]
[Site "www.playchess.de"]
[Date "2001.02.13"]
[Round "8"]
[White "plobi"]
[Black "Slide"]
[WhiteElo "1087"]
[BlackElo "1585"]
[PlyCount "42"]
[Result "0-1"]

1.d4 e6 2.c4 d6 3.Nc3 d5 4.Nf3 Bb4 5.Qa4+ Nc6 
6.cxd5 exd5 7.e3 Nf6 8.Bb5 Bxc3+ 9.Bd2 Bxd2+ 
10.Nxd2 Bd7 11.O-O O-O 12.Rfc1 a6 13.Bf1 Bf5 
14.Be2 Re8 15.Nf3 {&%§$%&}  Qd6 16.a3 b5 {not 
yet...}  17.Qb3 Rac8 18.Qc3 Bd7 19.Qc2 Ne4 20.Bd3 
f5 21.Bxe4 fxe4 0-1

[Event "HCL-B135"]
[Site "www.playchess.de"]
[Date "2001.02.13"]
[Round "2"]
[White "Romulus73"]
[Black "dmitry"]
[WhiteElo "1835"]
[BlackElo "1389"]
[PlyCount "27"]
[Result "1-0"]

1.e4 e5 2.Nf3 Nc6 3.Nc3 Bc5 4.Nxe5 Bxf2+ 5.Kxf2 
Nxe5 6.d4 Nc6 7.Bf4 d6 8.Bc4 Nf6 9.Rf1 Bg4 10.Qd2 
Qd7 11.Bg5 O-O-O 12.Bxf6 gxf6 13.Kg1 Be6 14.d5 
{This position reminds me of van Wely-Morozevich 
0-1 in Wijk aan zee, but d5 must be a punishing 
move}  1-0

[Event "HCL-B139"]
[Site "www.playchess.de"]
[Date "2001.02.13"]
[Round "9"]
[White "Stephen21"]
[Black "samar"]
[WhiteElo "1216"]
[BlackElo "1200"]
[PlyCount "68"]
[Result "0-1"]

1.Nc3 Nf6 2.Nf3 d5 3.e3 c6 4.d3 Nbd7 5.Qe2 e5 6.e4 
d4 7.Na4 b5 8.Nc5 Bxc5 9.g3 O-O 10.Bh3 Nb6 11.Bxc8 
Rxc8 12.O-O a5 13.Nxe5 Nbd7 14.Nxd7 Nxd7 15.Bf4 f6 
16.Rae1 Ne5 17.a3 Bd6 18.Qd1 c5 19.c3 c4 20.cxd4 
Nxd3 21.Re3 Bxf4 22.gxf4 Qxd4 23.Qf3 Qxb2 24.h4 
Rce8 25.Re2 Qd4 26.h5 h6 27.Kh2 Qd6 28.Qg3 Qxf4 
29.Rg1 Qxg3+ 30.Rxg3 f5 31.f3 fxe4 32.Reg2 exf3 
33.R3xg7+ Kh8 34.R2g6 f2 0-1

[Event "HCL-B144"]
[Site "www.playchess.de"]
[Date "2001.02.13"]
[Round "2"]
[White "octopus"]
[Black "ggaarrii"]
[WhiteElo "1500"]
[BlackElo "1387"]
[PlyCount "39"]
[Result "1-0"]

1.d4 {move}  f5 2.Nc3 c6 3.Nf3 d5 4.Bf4 Nf6 5.e3 
e6 6.Be2 Bd6 7.Ne5 O-O 8.h4 Nbd7 9.h5 Qc7 10.h6 
Nxe5 11.hxg7 Qxg7 12.dxe5 Qxg2 13.Bf3 Qg7 14.exf6 
Rxf6 15.Bxd6 Rg6 16.Kd2 b5 17.Bh5 Rg2 18.Bg3 b4 
19.Na4 Ba6 20.Qf3 1-0

[Event "HCL-B144"]
[Site "www.playchess.de"]
[Date "2001.02.13"]
[Round "5"]
[White "DepthCharge"]
[Black "mladsir"]
[WhiteElo "1498"]
[BlackElo "1500"]
[PlyCount "61"]
[Result "1-0"]

1.e4 c5 2.Nf3 Nc6 3.d4 cxd4 4.Nxd4 Nf6 5.Nc3 d6 
6.Bb5 Qc7 7.Ba4 a6 8.Bg5 b5 9.Bb3 Nxd4 10.Qxd4 e5 
11.Qd3 Be7 12.Bxf6 Bxf6 13.Qd5 Bb7 14.Qd2 O-O 
15.Bd5 Bxd5 16.Nxd5 Qd8 17.O-O Rc8 18.Qd3 Re8 
19.c3 Bg5 {last time i'm offering a draw!!}  20.f4 
{Why? You might win.}  exf4 {i don't know but if i 
fight more i won't satisfy for a draw! It's not 
worth fighting.}  21.Nxf4 {It's worth fighting!}  
Qe7 22.Rae1 Qe5 23.Nh3 Bd8 24.Rf5 Qe6 25.Ng5 Bxg5 
26.Rxg5 f6 27.Rd5 Rc6 {good luck at 80th or 90th 
move :)))}  28.Qd4 {Yes, you're right. This game 
might last forever. :)}  g6 {let's speed it up!!}  
29.a4 Rb6 30.Qxb6 f5 {How the hell that 
happened??? :)}  31.Rxd6 1-0

[Event "HCL-C030"]
[Site "www.playchess.de"]
[Date "2001.02.13"]
[Round "12"]
[White "Doktor"]
[Black "COMETIN"]
[WhiteElo "1000"]
[BlackElo "1000"]
[PlyCount "89"]
[Result "1-0"]

1.e4 e5 2.Nf3 g5 3.Nxe5 d5 4.exd5 Qxd5 5.d4 Bg7 
6.Bc4 Qe4+ 7.Qe2 Qxe2+ 8.Bxe2 Nc6 9.Bb5 Nge7 
10.Bxc6+ bxc6 11.Bxg5 Nf5 12.Be3 O-O 13.Nf3 Ba6 
14.Nc3 Rae8 15.O-O-O Nxe3 16.fxe3 Bh6 17.Ne5 Re7 
18.Nxc6 Rxe3 19.Kb1 f5 20.Nxa7 Bg7 21.Nab5 Bxb5 
22.Nxb5 c6 23.Na7 Rf6 24.Rd2 Rfe6 25.Rhd1 R3e1 
26.c3 Bh6 27.R2d3 R1e2 28.d5 cxd5 29.Nb5 Bg7 
30.Nd4 Bxd4 31.R3xd4 Rxg2 32.R1d2 Re1+ 33.Kc2 
Rxd2+ 34.Rxd2 Re5 35.a4 f4 36.a5 f3 37.Rf2 Re2+ 
38.Rxe2 fxe2 39.Kd2 e1Q+ 40.Kxe1 h5 41.a6 Kf7 
42.a7 Ke6 43.a8Q Ke5 44.Qh8+ Ke4 
45.Qxh5 1-0

[Event "HCL-C120"]
[Site "www.playchess.de"]
[Date "2001.02.13"]
[Round "2"]
[White "CrazyIan"]
[Black "vulcan"]
[WhiteElo "1000"]
[BlackElo "988"]
[PlyCount "28"]
[Result "0-1"]

1.d3 e5 2.Nc3 d5 3.Nf3 Nc6 4.Ng5 Be7 5.h4 h6 6.Nf3 
Bg4 7.e4 Bxf3 8.Qxf3 Nd4 9.Qd1 Bxh4 10.Nxd5 c6 
11.Ne3 Qf6 12.Ng4 Qe7 13.c3 Nb5 14.Be3 
Bg5 0-1

[Event "HCL-C125"]
[Site "www.playchess.de"]
[Date "2001.02.13"]
[Round "12"]
[White "Navi"]
[Black "heZZZie"]
[WhiteElo "1513"]
[BlackElo "1000"]
[PlyCount "22"]
[Result "0-1"]

1.Nf3 d5 2.d4 Nf6 3.c4 dxc4 4.g3 Nc6 5.Bg2 Bf5 
6.O-O Qd6 7.Bf4 Qd7 8.Qa4 Be6 9.Nc3 Bd5 10.Ne5 Qd8 
11.Nxd5 Nxd5 0-1

[Event "HCL-C128"]
[Site "www.playchess.de"]
[Date "2001.02.13"]
[Round "8"]
[White "TRIPLE_H"]
[Black "Mother_Teresa"]
[WhiteElo "199"]
[BlackElo "1174"]
[PlyCount "88"]
[Result "0-1"]

1.d4 d5 2.b3 Nf6 3.Nf3 Bf5 4.Nh4 Bg6 5.Nc3 e6 6.h3 
Bb4 7.Bb2 Nc6 8.e3 Qe7 9.Bd3 Be4 10.Bxe4 Nxe4 
11.Qd3 Qxh4 12.O-O-O Nxf2 13.g3 Nxd3+ 14.Rxd3 Qxg3 
15.Nb5 O-O-O 16.Kb1 a6 17.Nc3 Qg2 18.Re1 Qxh3 
19.e4 Qh4 20.Rf1 Bxc3 21.Rxc3 Qxe4 22.Rcf3 f5 
23.R3f4 Qg2 24.R1f2 Qg3 25.R2f3 Qe1+ 26.Bc1 g5 
27.R3f1 Qe2 28.R4f2 Qe4 29.Bxg5 Rd7 30.R2f4 Qe2 
31.R1f2 Qd1+ 32.Kb2 Nxd4 33.a4 c5 34.c3 Nc6 
35.R4f3 h6 36.Bc1 Na5 37.c4 dxc4 38.bxc4 Nxc4+ 
39.Kb1 Qxa4 40.Ra2 Qb4+ 41.Kc2 Rhd8 42.Rb3 R7d2+ 
43.Bxd2 Qxd2+ 44.Kb1 Qd1+ 0-1

[Event "HCL-C130"]
[Site "www.playchess.de"]
[Date "2001.02.13"]
[Round "21"]
[White "Diagoras"]
[Black "logocom"]
[WhiteElo "1289"]
[BlackElo "1000"]
[PlyCount "21"]
[Result "1-0"]

1.d4 d5 2.c4 e6 3.Nc3 c6 4.g3 Nf6 5.Bg2 Ne4 6.Bxe4 
dxe4 7.Nxe4 Bb4+ 8.Bd2 Qxd4 9.Bxb4 Qxe4 10.Qd6 c5 
11.Qxc5 1-0

[Event "HCL-C135"]
[Site "www.playchess.de"]
[Date "2001.02.13"]
[Round "16"]
[White "German04"]
[Black "Filip1"]
[WhiteElo "1236"]
[BlackElo "1000"]
[PlyCount "45"]
[Result "1-0"]

1.e4 e5 2.Nf3 Nc6 3.Nc3 Nf6 4.Bb5 Bc5 5.d3 Ng4 
6.Be3 Bxe3 7.fxe3 Na5 8.d4 c6 9.Bd3 Nxe3 10.Qe2 
exd4 11.Nxd4 Qg5 12.g3 d5 13.exd5 Bg4 14.Nf3 Qe7 
15.Ne4 Qb4+ 16.c3 Qb6 17.dxc6 Nxc6 18.Nd6+ Kd7 
19.Nc4 Nxc4 20.O-O-O Bxf3 21.Bxc4+ Kc8 22.Qxf3 Ne5 
23.Qf5+ 1-0

[Event "HCL-C138"]
[Site "www.playchess.de"]
[Date "2001.02.13"]
[Round "19"]
[White "chipc"]
[Black "locko"]
[WhiteElo "667"]
[BlackElo "744"]
[PlyCount "45"]
[Result "1-0"]

1.e4 e5 2.Nf3 d6 3.Bc4 Nh6 4.d3 f6 5.Nh4 Bg4 6.f3 
Bh5 7.Rg1 Bf7 8.c3 d5 9.Bb5+ c6 10.Ba4 b5 11.Bb3 
a5 12.d4 f5 13.g3 Be6 14.f4 exf4 15.e5 fxg3 
16.Rxg3 Qxh4 17.Nd2 Qxh2 18.Nf1 Qh4 19.Bc2 f4 
20.Qf3 Bg4 21.Qxf4 g5 22.Qf6 Nf7 
23.e6 1-0

[Event "HCL-C144"]
[Site "www.playchess.de"]
[Date "2001.02.13"]
[Round "1"]
[White "lsoule"]
[Black "Theos666"]
[WhiteElo "1000"]
[BlackElo "1079"]
[PlyCount "63"]
[Result "1-0"]

1.e4 Nf6 2.Nc3 g6 3.d4 d6 4.Nf3 Bg7 5.Bc4 e6 6.e5 
dxe5 7.Nxe5 O-O 8.Bf4 Nc6 9.Qd2 Qxd4 10.Qxd4 Nxd4 
11.O-O-O Rd8 12.Nb5 c6 13.Nxd4 Ne4 14.Ndf3 Rxd1+ 
15.Rxd1 Bf6 16.Rd4 b5 17.Rxe4 bxc4 18.Rxc4 Bb7 
19.Nxc6 Rc8 20.Be5 Kg7 21.Bxf6+ Kxf6 22.Rf4+ Kg7 
23.Na5 Ba6 24.c3 f6 25.Rd4 Rc5 26.Rd7+ Kh6 27.Nb3 
Rf5 28.Rxa7 Bd3 29.Nbd4 Rd5 30.Nxe6 f5 31.Nf8 Bc4 
32.Rxh7+ 1-0

[Event "HCL-E010"]
[Site "www.playchess.de"]
[Date "2001.02.13"]
[Round "30"]
[White "Anicca"]
[Black "goodatchess"]
[WhiteElo "2000"]
[BlackElo "2000"]
[PlyCount "45"]
[Result "1-0"]

1.d4 d5 2.c4 c6 3.Nf3 Nf6 4.Nc3 dxc4 5.a4 Bf5 6.e3 
e6 7.Bxc4 Bb4 8.O-O Nbd7 9.Qe2 Bxc3 10.bxc3 Ne4 
11.Bb2 Nb6 12.Bd3 Rc8 13.Rfc1 Nd5 14.Nd2 Ndf6 
15.Ba3 Bg6 16.f3 Nxd2 17.Qxd2 c5 18.Bb5+ Nd7 
19.Bxc5 a6 20.Bxd7+ Qxd7 21.Qb2 Rc6 22.a5 f6 
23.Ra3 1-0

[Event "HCL-E015"]
[Site "www.playchess.de"]
[Date "2001.02.13"]
[Round "13"]
[White "sicili"]
[Black "Goofy"]
[WhiteElo "2000"]
[BlackElo "2001"]
[PlyCount "39"]
[Result "1/2-1/2"]

1.c4 e5 2.Nc3 Nf6 3.Nf3 Nc6 4.a3 d5 5.cxd5 Nxd5 
6.Qc2 Be6 7.e3 a6 8.d4 exd4 9.Nxd4 Nxd4 10.exd4 
Qh4 11.Ne4 Be7 12.Bd3 O-O 13.O-O Rad8 14.Re1 Nf4 
15.Bxf4 Qxf4 16.g3 Qh6 17.Qxc7 Rd7 18.Qb6 Rfd8 
19.Bf1 R7xd4 20.Qxb7 {draw?}  1/2-1/2

[Event "ACL-A037"]
[Site "www.playchess.de"]
[Date "2001.02.13"]
[Round "36"]
[White "antaios"]
[Black "Spade"]
[WhiteElo "1500"]
[BlackElo "1500"]
[PlyCount "45"]
[Result "1-0"]

1.d4 Nf6 2.h3 d5 3.Bf4 c5 4.Bxb8 Rxb8 5.Nf3 Qb6 
6.Nc3 Qxb2 7.Na4 Qb4+ 8.c3 Qa5 9.dxc5 Bd7 10.Nb2 
Qxc3+ 11.Qd2 Qxc5 12.e3 Ne4 13.Nd3 Qa3 14.Qb2 e6 
15.Qxa3 Bxa3 16.Be2 Bb5 17.Nd4 Bc4 18.O-O Nc3 
19.f4 Nxe2+ 20.Nxe2 Bxd3 21.Rf2 Rc8 22.Nd4 Ke7 
23.g4 1-0

[Event "ACL-A048"]
[Site "www.playchess.de"]
[Date "2001.02.13"]
[Round "2"]
[White "COMETIN"]
[Black "chrisg"]
[WhiteElo "830"]
[BlackElo "1717"]
[PlyCount "36"]
[Result "0-1"]

1.e4 c6 2.Nf3 d5 3.e5 Bf5 4.d4 e6 5.Nc3 Nd7 6.Qe2 
Qb6 7.a4 Bb4 8.Qe3 Bxc2 9.Kd2 Bg6 10.g4 c5 11.b3 
Be4 12.Ke2 cxd4 13.Qxd4 Bxf3+ 14.Kxf3 Qxd4 15.Ne2 
Nxe5+ 16.Kg2 Qxa1 17.Ng3 Qa2 18.Bb5+ 
Ke7 0-1

[Event "ACL-A048"]
[Site "www.playchess.de"]
[Date "2001.02.13"]
[Round "16"]
[White "surftimm"]
[Black "chrisg"]
[WhiteElo "1500"]
[BlackElo "1717"]
[PlyCount "36"]
[Result "0-1"]

1.b4 d5 2.Bb2 Bf5 3.e3 e6 4.b5 c5 5.d4 c4 6.g4 
Qa5+ 7.Bc3 Bb4 8.Qd2 Bxc3 9.Nxc3 Bxg4 10.Rb1 Nd7 
11.f3 Bh5 12.e4 Ne7 13.Nxd5 Qxd2+ 14.Kxd2 exd5 
15.exd5 Rc8 16.Bh3 c3+ 17.Kc1 Nxd5 18.Ne2 
Bxf3 0-1